Подробности
| 000 -МАРКЕР |
| контрольное поле |
02946nam0a2200445 4500 |
| 001 - ИДЕНТИФИКАТОР ЗАПИСИ |
| контрольное поле |
RU\NLR\BIBL_A\010189517 |
| 005 - ИДЕНТИФИКАТОР ВЕРСИИ |
| контрольное поле |
20260408221030.0 |
| 010 ## - МЕЖДУНАРОДНЫЙ СТАНДАРТНЫЙ НОМЕР КНИГИ (ISBN) |
| Номер (ISBN) |
978-5-91910-229-8 |
| Тираж |
500 |
| 021 ## - НОМЕР ГОСУДАРСТВЕННОЙ РЕГИСТРАЦИИ |
| Код страны |
Российская Федерация |
| Номер |
2013-101068 |
| Номер Листа государственной регистраци |
7019 |
| 035 ## - ДРУГИЕ СИСТЕМНЫЕ НОМЕРА |
| Идентификатор записи |
(NILC)RuMoRGB-006716369 |
| 035 ## - ДРУГИЕ СИСТЕМНЫЕ НОМЕРА |
| Идентификатор записи |
(NLR Aleph) 010189517 |
| 100 ## - ДАННЫЕ ОБЩЕЙ ОБРАБОТКИ |
| Данные общей обработки |
20140211d2013 |||y0rusy50 ca |
| 101 0# - ЯЗЫК РЕСУРСА |
| Язык текста, звукозаписи и т.д. |
русский |
| 102 ## - СТРАНА ПУБЛИКАЦИИ ИЛИ ПРОИЗВОДСТВА |
| Страна публикации |
Российская Федерация |
| 105 ## - ПОЛЕ КОДИРОВАННЫХ ДАННЫХ: ТЕКСТОВЫЕ МАТЕРИАЛЫ, МОНОГРАФИЧЕСКИЕ |
| Кодированные данные о монографическом текстовом документе |
a|||z|||100yy |
| 200 1# - ЗАГЛАВИЕ И СВЕДЕНИЯ ОБ ОТВЕТСТВЕННОСТИ |
| Основное заглавие |
Инновационная педагогика предметных технологий: проблемы и перспективы |
| Сведения, относящиеся к заглавию |
Всероссийская научно-практическая конференция, 18 апреля 2013 г. |
| -- |
[сборник материалов |
| Первые сведения об ответственности |
под ред. проф. Т.Н. Прохоровой] |
| 210 ## - ПУБЛИКАЦИЯ, РАСПРОСТРАНЕНИЕ И ДР. |
| Место издания, распространения и т.д. |
Астрахань |
| Имя издателя, распространителя и т. д. |
издатель: Сорокин Роман Васильевич |
| Дата издания, распространения и т.д. |
2013 |
| 215 ## - ФИЗИЧЕСКАЯ ХАРАКТЕРИСТИКА |
| Специфическое обозначение материала и объем |
216 с. |
| Другие сведения о физической характеристике |
ил. |
| Размеры |
21 |
| 300 ## - ОБЩИЕ ПРИМЕЧАНИЯ |
| Текст примечания |
В надзаг.: Минобрнауки России, Федер. гос. бюджет. образоват. учреждение высш. проф. образования "Астрахан. гос. ун-т", Предпринимательский ин-т педагогики и психологии, Фак. педагогики, социальной работы и физ. культуры, Каф. педагогики и предм. технологий |
| 320 ## - ПРИМЕЧАНИЯ О НАЛИЧИИ В ДОКУМЕНТЕ БИБЛИОГРАФИИ / УКАЗАТЕЛЯ |
| Текст примечания |
Библиогр. в конце ст. |
| 606 1# - НАИМЕНОВАНИЕ ТЕМЫ КАК ПРЕДМЕТ |
| Наименование темы |
Дошкольное образование |
| Формальный подзаголовок |
Съезды, совещания и т.п. |
| Тематический подзаголовок |
Инновации |
| Системный номер авторитетной/нормативной записи |
2509636 |
| Идентификатор авторитетной/нормативной записи |
RU\NLR\AUTH\661487878 |
| 606 1# - НАИМЕНОВАНИЕ ТЕМЫ КАК ПРЕДМЕТ |
| Наименование темы |
Специальное (коррекционное) образование |
| Формальный подзаголовок |
Съезды, совещания и т.п. |
| Тематический подзаголовок |
Инновации |
| Системный номер авторитетной/нормативной записи |
2661783 |
| Идентификатор авторитетной/нормативной записи |
RU\NLR\AUTH\6601749810 |
| 606 1# - НАИМЕНОВАНИЕ ТЕМЫ КАК ПРЕДМЕТ |
| Наименование темы |
Художественное образование |
| Формальный подзаголовок |
Съезды, совещания и т.п. |
| Тематический подзаголовок |
Инновации |
| Системный номер авторитетной/нормативной записи |
2178683 |
| Идентификатор авторитетной/нормативной записи |
RU\NLR\AUTH\6601547007 |
| 606 ## - НАИМЕНОВАНИЕ ТЕМЫ КАК ПРЕДМЕТ |
| Наименование темы |
Начальное образование |
| Тематический подзаголовок |
Инновации |
| Формальный подзаголовок |
Съезды, совещания и т.п |
| Идентификатор авторитетной/нормативной записи |
RU\NLR\AUTH\6601753743 |
| Системный номер авторитетной/нормативной записи |
2665716 |
| 675 ## - УНИВЕРСАЛЬНАЯ ДЕСЯТИЧНАЯ КЛАССИФИКАЦИЯ (UDC/УДК) |
| Индекс |
371.3(082) |
| 686 1# - ИНДЕКСЫ ДРУГИХ КЛАССИФИКАЦИЙ |
| Индекс |
Ч411.38я431 |
| 686 1# - ИНДЕКСЫ ДРУГИХ КЛАССИФИКАЦИЙ |
| Индекс |
Ч421.2,01я431 |
| 686 1# - ИНДЕКСЫ ДРУГИХ КЛАССИФИКАЦИЙ |
| Индекс |
Ч430.12я431 |
| 686 1# - ИНДЕКСЫ ДРУГИХ КЛАССИФИКАЦИЙ |
| Индекс |
Ч459.712я431 |
| 702 #1 - ИМЯ ЛИЦА - ВТОРИЧНАЯ ОТВЕТСТВЕННОСТЬ |
| Начальный элемент ввода |
Прохорова |
| Часть имени, кроме начального элемента ввода |
Т.Н. |
| Расширение инициалов личного имени |
Татьяна Николаевна |
| Код отношения |
Редактор |
| 711 12 - НАИМЕНОВАНИЕ ОРГАНИЗАЦИИ - АЛЬТЕРНАТИВНАЯ ОТВЕТСТВЕННОСТЬ |
| Начальный элемент ввода |
"Инновационная педагогика предметных технологий: проблемы и перспективы", всероссийская научно-практическая конференция |
| Место проведения временной организации |
Астрахань |
| Дата проведения временной организации |
2013 |
| Системный номер авторитетной/нормативной записи |
391805 |
| Идентификатор авторитетной/нормативной записи |
RU\NLR\AUTH\880362382 |
| 801 #0 - ИСТОЧНИК ЗАПИСИ |
| Страна |
Российская Федерация |
| Организация |
RuMoRKP |
| Дата составления |
20131212 |
| Правила каталогизации |
RCR |
| 801 #2 - ИСТОЧНИК ЗАПИСИ |
| Страна |
Российская Федерация |
| Организация |
РГБ |
| Дата составления |
20140120 |
| Правила каталогизации |
rcr |
| 942 ## - ДОПОЛНИТЕЛЬНЫЕ ЭЛЕМЕНТЫ ЗАПИСИ (АБИС) |
| Тип экземпляра АБИС |
Книга |
| 980 ## - КОЛЛЕКЦИЯ |
| Название коллекции |
НБР |
| 980 ## - КОЛЛЕКЦИЯ |
| Название коллекции |
Национальная библиография |